<The> state preference approach to general equilibrium in corporate finance.
Implementácia preferenčného prístupu v ekonomike s multiperiodickou výmenou. Uplatnenie výsledkov na skúmanie otázok podnikových financií, ako aj vzťahu štátnych preferencií a prístupu na báze strednej odchýlky pri oceňovaní aktív.
Gespeichert in:
| 1. Verfasser: | |
|---|---|
| Format: | Buchkapitel |
| Sprache: | Englisch |
| Schlagworte: | |
| Tags: |
Keine Tags, Fügen Sie das erste Tag hinzu!
|
MARC
| LEADER | 00000naa a2200000 4500 | ||
|---|---|---|---|
| 001 | r003197 | ||
| 005 | 20220819193609.1 | ||
| 041 | 0 | |a eng | |
| 044 | |a NL | ||
| 245 | 1 | 0 | |a <The> state preference approach to general equilibrium in corporate finance. |c H. Wiesmeth |
| 520 | |a Implementácia preferenčného prístupu v ekonomike s multiperiodickou výmenou. Uplatnenie výsledkov na skúmanie otázok podnikových financií, ako aj vzťahu štátnych preferencií a prístupu na báze strednej odchýlky pri oceňovaní aktív. | ||
| 610 | 2 | 0 | |a financie podnikové |
| 610 | 2 | 0 | |a rovnováha finančná |
| 610 | 2 | 0 | |a preferencie |
| 610 | 2 | 0 | |a aktíva |
| 100 | 1 | |a Wiesmeth, H. | |